A short introduction of grammar generally to be used : compiled and set forth for the bringing up of all those that intend to attain to the knowledge of the Latine tongue.

Bibliographic Details
Main Author: Lily, William, 1468?-1522
Other Authors: Colet, John, 1467?-1519, Robertson, Thomas, fl. 1520-1561, Lilly, William, 1602-1681
Format: eBook
Language:English
Published: Cambridge [Cambridgeshire] : Printed by John Hayes ..., 1695.
Series:Early English books online.
Subjects:
Online Access:Connect to the full text of this electronic book

MARC

Tag First Indicator Second Indicator Subfields
LEADER 00000nam a2200000Ia 4500
001 in00004298024
005 20200810082503.0
006 m g d
007 cr bn |||a|bb|
008 860407s1695 enk o 00| | eng d
035 |a (OCoLC)13403230 
040 |a EAG  |c EAG  |d UMI  |d m/c  |d UMI  |d WaOLN 
037 |a CL0037000055  |b ProQuest Information and Learning. 300 N. Zeeb Rd., Ann Arbor, MI 48106 
041 0 |a englat 
090 |a PA2084  |b .L66 1695 
049 |a UMIA 
100 1 |a Lily, William,  |d 1468?-1522. 
245 1 2 |a A short introduction of grammar generally to be used :  |b compiled and set forth for the bringing up of all those that intend to attain to the knowledge of the Latine tongue. 
260 |a Cambridge [Cambridgeshire] :  |b Printed by John Hayes ...,  |c 1695. 
300 |a 1 online resource ([74], 130, [27] pages) 
336 |a text  |b txt  |2 rdacontent 
337 |a computer  |b c  |2 rdamedia 
338 |a online resource  |b cr  |2 rdacarrier 
500 |a "Brevissima institutio, seu, Ratio grammatices cognoscendæ" (159 pages at end) has special t.p. 
500 |a Compiled by William Lilly, John Colet, and Thomas Robertson--NUC pre-1956 imprints. 
500 |a Imperfect: pages stained and tightly bound, with print show-through and some loss of printing. 
500 |a Reproduction of original in the Cambridge University Library. 
510 4 |a Wing  |c L2301 
533 |a Electronic reproduction.  |b Ann Arbor, Mich. :  |c UMI,  |d 1999-  |f (Early English books online)  |n Digital version of: (Early English books, 1641-1700 ; 1552:8)  |7 s1999 miun s 
650 0 |a Latin language  |x Grammar. 
700 1 |a Colet, John,  |d 1467?-1519. 
700 1 |a Robertson, Thomas,  |d fl. 1520-1561. 
700 1 2 |a Lilly, William,  |d 1602-1681.  |t Brevissima institutio, seu, Ratio grammatices cognoscendæ. 
730 0 2 |a Brevissima institutio, seu, Ratio grammatices cognoscendæ. 
830 0 |a Early English books online. 
856 4 0 |u http://proxy.library.tamu.edu/login?url=https://search.proquest.com/docview/2240859476  |z Connect to the full text of this electronic book  |t 0 
999 f f |s 973b2d5a-450d-30c2-93de-f8aa912aac0c  |i 2e612517-9acf-34c5-91ca-6cf6121fde1f  |t 0 
952 f f |a Texas A&M University  |b College Station  |c Electronic Resources  |d Available Online  |t 0  |e PA2084 .L66 1695  |h Library of Congress classification 
998 f f |a PA2084 .L66 1695  |t 0  |l Available Online